01370 2200229 4500001002100000005001500021035002000036007000300056008004100059020002200100082001000122084001600132100001500148245002300163250001100186260004500197300003700242650001000279650001800289520081600307990001701123INLIS00000000000225220260416102335 a0010-0426000009ta260416 g f ind  a978-979-22-9529-0 a82-31 a82-31 AK, a0 aAK, Titish1 aA Little White Lie aCet 14 aJakarta :bGramedia Pustaka Utama,c2013 a272 hlm :bilus. ;c13,5 x 20 cm 4aNOVEL 4aFIKSI ROMANSA aNovel ini mengisahkan tentang Sasha, seorang remaja yang terjebak dalam kebiasaannya melakukan "kebohongan putih" (white lies) demi menjaga citra diri dan menghindari situasi yang tidak nyaman. Bagi Sasha, sedikit berbohong adalah cara termudah untuk bertahan di tengah tekanan sosial teman-temannya yang gemar memamerkan kehidupan yang sempurna. Situasi menjadi semakin rumit ketika Sasha harus mencari sosok nyata untuk memerankan "pacar bohongan" tersebut, yang kemudian mempertemukannya dengan Rey. Di tengah sandiwara yang mereka jalani, Sasha mulai menyadari bahwa berpura-pura menjadi orang lain demi pengakuan lingkungan adalah hal yang melelahkan. Titish AK dengan gaya bahasa yang segar mengeksplorasi tema kejujuran, harga diri, dan bagaimana perasaan tulus dapat tumbuh di tengah sebuah kepalsuan. a4042/BBPP/26